000 00461nab a2200145Ia 4500
003 ES-SlBCS
005 20210601125304.0
008 140529s1999 xxu||||| |||| 00| 0 eng d
041 _aeng
100 1 _aBringsjord, Selmer
_9156348
245 0 4 _aThe Zombie Attack on the Computational Conception of Minf
_c Selmer Bringsjord
650 0 4 _aMente
_9126363
773 0 _tPhilosophy and Phenomenological Research
_gvol. 59, 1999, págs. 41-70
_wRev1411
942 _cAR
999 _c527880
_d527880